=LDR 00000nam 2200000 4500 =001 INLIS000000000028912 =005 20130612131202 =008 ***********************************ind** =035 ##$$0010-061300000028912 =041 ##$$a ind =082 ##$$a 372.61 =090 ##$$a 372.61, MAR b =100 ##$$a Margiyati, Christina =245 ##$$a Bahasa Indonesia SD dan MI Kelas 2, Christina Margiyati, Agatha Sriyati, Y. Dwi Purwati =260 ##$$a 2007 $b Jakarta =300 ##$$a viii, 173 hlm., ilus., 24 cm =650 ##$$a Bahasa Indonesia =650 ##$$a Studi dan Pengajaran =700 ##$$a Sriyati, Agatha =850 ##$$a NBPNMAT